[Event "12. Sueder Sommerpokal"]
[Site "Recklinghausen"]
[Date "2001.08.09"]
[Round "6"]
[White "Goihl, Mona"]
[Black "Verfuerth, Christian"]
[Result "1-0"]
[WhiteElo "2134"]
[BlackElo "1807"]
[PlyCount "61"]
[EventDate "2001.??.??"]

1. e4 e6 2. d4 d5 3. exd5 exd5 4. Nf3 Bg4 5. h3 Bh5 6. Qe2+ Qe7 7. Be3 Nc6 8.
c3 O-O-O 9. Nbd2 f6 10. O-O-O g5 11. g4 Bg6 12. h4 h6 13. Nb3 Qe4 14. Kd2 f5
15. gxf5 Bxf5 16. hxg5 Nb4 17. Bh3 Nc2 18. Bxf5+ Qxf5 19. Nc5 Nxe3 20. Qxe3 Bd6
21. Nd3 Ne7 22. gxh6 Rde8 23. Nfe5 Ng6 24. Qh3 Qxh3 25. Rxh3 Bxe5 26. dxe5 Nxe5
27. Nxe5 Rxe5 28. Rg1 Kd7 29. Rg7+ Re7 30. Re3 Rh7 31. Rgxe7+ 1-0

[Event "12. Sueder Sommerpokal"]
[Site "Recklinghausen"]
[Date "2001.08.09"]
[Round "6"]
[White "Wuertele, Armin"]
[Black "Mittelbachert, Ulrich"]
[Result "0-1"]
[WhiteElo "1834"]
[BlackElo "2086"]
[PlyCount "80"]
[EventDate "2001.??.??"]

1. Nf3 g6 2. e4 Bg7 3. d4 d6 4. Nc3 Bg4 5. Be3 a6 6. Bc4 e6 7. h3 Bxf3 8. Qxf3
h6 9. O-O Ne7 10. Ne2 b5 11. Bb3 c6 12. a4 O-O 13. axb5 cxb5 14. Qg3 Qd7 15. f4
d5 16. f5 exf5 17. exd5 g5 18. Qf3 Qd6 19. c4 bxc4 20. Bxc4 Nd7 21. Nc3 Nf6 22.
Bf2 Rfd8 23. Ra4 g4 24. hxg4 fxg4 25. Qg3 Qd7 26. d6 Nf5 27. Qf4 Nxd6 28. Bh4
Nxc4 29. Bxf6 Nxb2 30. Bxg7 Nxa4 31. Qxh6 f5 32. Bf6 Nxc3 33. Qh8+ Kf7 34. Qg7+
Ke6 35. Qh6 Kd5 36. Qe3 Qe6 37. Qxc3 Qxf6 38. Qc5+ Ke6 39. Re1+ Kf7 40. Qc7+
Kg6 0-1

[Event "12. Sueder Sommerpokal"]
[Site "Recklinghausen"]
[Date "2001.08.09"]
[Round "6"]
[White "Wachovius, Hans-Werner"]
[Black "Grosse-Frintrop, Gerd"]
[Result "0-1"]
[WhiteElo "1824"]
[BlackElo "2084"]
[PlyCount "78"]
[EventDate "2001.??.??"]

1. d4 g6 2. Nf3 Bg7 3. c4 Nf6 4. Nc3 O-O 5. e4 d6 6. Be2 e5 7. dxe5 dxe5 8.
Qxd8 Rxd8 9. Bg5 c6 10. Nxe5 Re8 11. O-O-O Na6 12. f4 Nc5 13. Bf3 Ne6 14. Bxf6
Bxf6 15. Nd3 Bd4 16. Rhe1 a5 17. Kc2 Bg7 18. Ne2 Rb8 19. h4 b5 20. c5 Bf8 21.
Kb1 Nxc5 22. Nxc5 Bxc5 23. Nd4 Bb7 24. e5 Red8 25. Nb3 Bb4 26. Rxd8+ Rxd8 27.
Rd1 Rxd1+ 28. Bxd1 Bc8 29. Nd4 Bd7 30. g4 c5 31. Nb3 a4 32. Nc1 c4 33. Bf3 Be1
34. h5 gxh5 35. gxh5 Bf5+ 36. Ka1 c3 37. a3 Bd2 38. Ne2 c2 39. Bc6 Bd3 0-1

[Event "12. Sueder Sommerpokal"]
[Site "Recklinghausen"]
[Date "2001.08.09"]
[Round "6"]
[White "Bischof, Rainer"]
[Black "Otto, Michael"]
[Result "1/2-1/2"]
[WhiteElo "2081"]
[BlackElo "1796"]
[PlyCount "86"]
[EventDate "2001.??.??"]

1. d4 b6 2. Nf3 Bb7 3. e3 Nf6 4. Nbd2 e6 5. Bd3 Be7 6. O-O O-O 7. c3 h6 8. Qe2
d5 9. e4 c5 10. e5 Nfd7 11. Re1 Re8 12. Nf1 Nf8 13. Bf4 Nc6 14. a3 a6 15. Ng3
b5 16. Nh5 cxd4 17. Nxd4 Bg5 18. Nxc6 Bxc6 19. Qg4 g6 20. Ng3 Nh7 21. Bxg5 Qxg5
22. Qd4 f5 23. f4 Qe7 24. Ne2 Rec8 25. Rf1 Rab8 26. Rf3 Nf8 27. Rg3 Be8 28. Kf2
Nd7 29. b4 Nb6 30. Nc1 Nc4 31. Nb3 a5 32. Nxa5 Nxa5 33. bxa5 Qc7 34. Qb4 Qxc3
35. Rb1 Qc5+ 36. Qxc5 Rxc5 37. a4 b4 38. Bb5 Bxb5 39. axb5 Rcxb5 40. Rxg6+ Kf7
41. Rxh6 Rxa5 42. Rc1 b3 43. Rc7+ Kg8 1/2-1/2

[Event "12. Sueder Sommerpokal"]
[Site "Recklinghausen"]
[Date "2001.08.09"]
[Round "6"]
[White "Iounoussov, Maksim"]
[Black "Kiefer, Johannes"]
[Result "1-0"]
[WhiteElo "2007"]
[BlackElo "1704"]
[PlyCount "35"]
[EventDate "2001.??.??"]

1. e4 c5 2. Nc3 Nc6 3. f4 g6 4. Nf3 Bg7 5. Bc4 d6 6. O-O Nf6 7. d3 a6 8. a4 O-O
9. f5 Nd7 10. fxg6 hxg6 11. Ng5 Nde5 12. Ba2 Nd4 13. Bf4 e6 14. Qd2 Qb6 15.
Bxe5 Bxe5 16. Qf2 Nb3 17. Qh4 c4+ 18. Kh1 1-0

[Event "12. Sueder Sommerpokal"]
[Site "Recklinghausen"]
[Date "2001.08.09"]
[Round "6"]
[White "Meyer, Juergen"]
[Black "Zeier, Robert"]
[Result "0-1"]
[WhiteElo "1801"]
[BlackElo "2034"]
[PlyCount "100"]
[EventDate "2001.??.??"]

1. b3 e5 2. Bb2 d6 3. e3 Nf6 4. h3 g6 5. Nc3 Bg7 6. Nge2 O-O 7. g3 Bd7 8. Bg2
Bc6 9. f3 Nbd7 10. d4 exd4 11. Nxd4 Nh5 12. Nce2 Bb5 13. c4 Ba6 14. Rb1 Qe7 15.
Qd2 c5 16. Nb5 Bxb5 17. Bxg7 Nxg7 18. cxb5 Nb6 19. O-O d5 20. a4 Rad8 21. a5
Nd7 22. Rfe1 Nf6 23. Rbc1 Nf5 24. e4 dxe4 25. Qg5 h6 26. Qf4 g5 27. Qxf5 Rd5
28. Qxd5 Nxd5 29. fxe4 Nb4 30. Red1 Rd8 31. Nc3 Rxd1+ 32. Rxd1 Qe5 33. Nd5 Qxg3
34. Nf6+ Kf8 35. e5 Qe3+ 36. Kh1 Nd3 37. Ng4 Qe2 38. Rf1 h5 39. Nh2 b6 40. axb6
axb6 41. Bf3 Qxe5 42. Bxh5 Nf4 43. Bg4 f5 44. Bd1 Qe3 45. Nf3 Nxh3 46. Kh2 g4
47. Nh4 f4 48. Ng6+ Kg7 49. Nxf4 Nxf4 50. Bxg4 Qd2+ 0-1

[Event "12. Sueder Sommerpokal"]
[Site "Recklinghausen"]
[Date "2001.08.09"]
[Round "6"]
[White "Ackermann, Frank"]
[Black "Denig, Friedrich"]
[Result "0-1"]
[WhiteElo "1961"]
[BlackElo "1664"]
[PlyCount "50"]
[EventDate "2001.??.??"]

1. d4 d5 2. Nf3 Nf6 3. c4 c6 4. Nc3 e6 5. e3 Bd6 6. Bd3 Nbd7 7. O-O O-O 8. e4
dxe4 9. Nxe4 Nxe4 10. Bxe4 Nf6 11. Bc2 h6 12. Qe2 Qc7 13. a3 c5 14. dxc5 Qxc5
15. b4 Qh5 16. Bb2 Bxh2+ 17. Kh1 Be5+ 18. Kg1 Bxb2 19. Rad1 Bd7 20. Rxd7 Nxd7
21. Ba4 Nb6 22. Bc2 Qg4 23. Qd3 g6 24. c5 Nd5 25. Re1 Nf4 0-1

[Event "12. Sueder Sommerpokal"]
[Site "Recklinghausen"]
[Date "2001.08.09"]
[Round "6"]
[White "Stepa, Rainer"]
[Black "Hahn, Matthias"]
[Result "1/2-1/2"]
[WhiteElo "1793"]
[BlackElo "1932"]
[PlyCount "38"]
[EventDate "2001.??.??"]

1. Nf3 Nf6 2. d4 e6 3. Bf4 b6 4. Nbd2 Bb7 5. e3 Be7 6. Bd3 d5 7. Ne5 O-O 8. Qf3
Nbd7 9. Qg3 g6 10. Bh6 Nh5 11. Qf3 Nxe5 12. dxe5 Ng7 13. Qh3 c5 14. c3 d4 15.
exd4 cxd4 16. c4 Bg5 17. O-O Bxh6 18. Qxh6 Qc7 19. Rae1 Nf5 1/2-1/2

[Event "12. Sueder Sommerpokal"]
[Site "Recklinghausen"]
[Date "2001.08.09"]
[Round "6"]
[White "Becker, Peter"]
[Black "Cordes, Mary Ann"]
[Result "0-1"]
[WhiteElo "1730"]
[BlackElo "1931"]
[PlyCount "66"]
[EventDate "2001.??.??"]

1. e4 e6 2. d4 d5 3. Nd2 Nf6 4. e5 Nfd7 5. Bd3 c5 6. c3 Nc6 7. Ndf3 Qb6 8. Ne2
cxd4 9. cxd4 f6 10. exf6 Nxf6 11. a3 Bd6 12. O-O Qc7 13. Nc3 a6 14. Re1 O-O 15.
Bg5 h6 16. Bxf6 Rxf6 17. Rc1 Bd7 18. Bb1 Raf8 19. Qd3 g6 20. h4 Be8 21. Nd1
Rxf3 22. gxf3 Qe7 23. Qf1 Nxd4 24. Rc3 Nxf3+ 25. Rxf3 Rxf3 26. Qg2 Rf4 27. Ne3
Qf7 28. Ng4 Kg7 29. h5 g5 30. Qg3 Qxh5 31. Qc3+ d4 32. Nf6 Rxf6 33. Qxd4 Qh2+
0-1

[Event "12. Sueder Sommerpokal"]
[Site "Recklinghausen"]
[Date "2001.08.09"]
[Round "6"]
[White "Bettendorf, Heinz"]
[Black "Jittenmeier, Franz"]
[Result "0-1"]
[WhiteElo "1712"]
[BlackElo "1902"]
[PlyCount "84"]
[EventDate "2001.??.??"]

1. e4 g6 2. d4 Bg7 3. f4 d5 4. e5 h5 5. Nf3 Bf5 6. Bd3 Nh6 7. Nh4 Bxd3 8. Qxd3
e6 9. g3 c6 10. Nd2 Bf8 11. Ndf3 Nf5 12. Bd2 Nxh4 13. Nxh4 Be7 14. Nf3 Nd7 15.
O-O-O c5 16. dxc5 Nxc5 17. Qe2 Rc8 18. Bc3 Qc7 19. Bd4 Qa5 20. Kb1 Ne4 21. Rd3
Qb5 22. Qe1 Bb4 23. Rb3 a5 24. a3 Qc4 25. Qd1 Bc5 26. Qd3 Bxd4 27. Nxd4 Qxd3
28. Rxd3 Nf2 29. Rb3 Nxh1 30. Rf3 Rc5 31. Rf1 Nxg3 32. hxg3 a4 33. Rh1 Ke7 34.
g4 h4 35. Rh3 Kd7 36. f5 gxf5 37. gxf5 Rcc8 38. f6 Rh5 39. Nf3 Rg8 40. b4 Rg3
41. Rxh4 Rxh4 42. Nxh4 b5 0-1

[Event "12. Sueder Sommerpokal"]
[Site "Recklinghausen"]
[Date "2001.08.09"]
[Round "6"]
[White "Montignies, Rainer"]
[Black "Samisch, Romuald"]
[Result "1-0"]
[WhiteElo "1901"]
[BlackElo "1677"]
[PlyCount "57"]
[EventDate "2001.??.??"]

1. d4 Nf6 2. c4 g6 3. Nc3 d5 4. cxd5 Nxd5 5. Na4 Bg7 6. e4 Nb6 7. Be3 O-O 8.
Rc1 N8d7 9. Nc3 c6 10. a4 Nf6 11. a5 Nbd7 12. e5 Nd5 13. Nxd5 cxd5 14. b4 f6
15. f4 a6 16. Nf3 b6 17. Bd2 Nb8 18. Bd3 Bg4 19. O-O bxa5 20. bxa5 Qd7 21. h3
Bxf3 22. Rxf3 Nc6 23. Bc3 fxe5 24. dxe5 Qa7+ 25. Kh1 Nd4 26. Rf1 Rfd8 27. Bxg6
Nb5 28. Bf5 Nxc3 29. Rxc3 1-0

[Event "12. Sueder Sommerpokal"]
[Site "Recklinghausen"]
[Date "2001.08.09"]
[Round "6"]
[White "Uenlue, Murat"]
[Black "Manthei, Michael"]
[Result "1/2-1/2"]
[WhiteElo "1672"]
[BlackElo "1874"]
[PlyCount "69"]
[EventDate "2001.??.??"]

1. e4 b6 2. d4 Bb7 3. Nc3 e6 4. Bd3 g6 5. Be3 Bg7 6. f4 Ne7 7. Nf3 d5 8. e5 Nd7
9. Qd2 c5 10. Nb5 Nc8 11. g4 a6 12. Nc3 c4 13. Bf1 b5 14. Qf2 Ncb6 15. f5 b4
16. fxe6 fxe6 17. Bg5 Qc7 18. Ne2 h6 19. Bh4 Rf8 20. Qe3 Rf7 21. Nf4 Nf8 22.
Bg3 O-O-O 23. h4 Qe7 24. Bh3 g5 25. hxg5 hxg5 26. Nh5 Nh7 27. Rf1 Bh6 28. O-O-O
Nd7 29. Nd2 Rdf8 30. Rxf7 Rxf7 31. Rf1 Rxf1+ 32. Bxf1 Qf7 33. Qf3 Qxf3 34. Nxf3
Kd8 35. Kd2 1/2-1/2

[Event "12. Sueder Sommerpokal"]
[Site "Recklinghausen"]
[Date "2001.08.09"]
[Round "6"]
[White "Schreck, Peter"]
[Black "von Beers, Rainer"]
[Result "0-1"]
[WhiteElo "1621"]
[BlackElo "1864"]
[PlyCount "34"]
[EventDate "2001.??.??"]

1. b3 c5 2. Bb2 d5 3. e3 Nc6 4. Bb5 Bf5 5. Nf3 e6 6. O-O Nf6 7. Qe2 Bd6 8. c4
O-O 9. cxd5 exd5 10. Bxc6 bxc6 11. d4 Re8 12. Ba3 Qa5 13. dxc5 Bxc5 14. Bxc5
Qxc5 15. Nbd2 Rad8 16. Rfc1 Qb6 17. Nd4 Qxd4 0-1

[Event "12. Sueder Sommerpokal"]
[Site "Recklinghausen"]
[Date "2001.08.09"]
[Round "6"]
[White "Shalimov, Vitalij"]
[Black "Barskij, Aleksandr"]
[Result "0-1"]
[WhiteElo "1409"]
[BlackElo "1859"]
[PlyCount "64"]
[EventDate "2001.??.??"]

1. d4 Nf6 2. c4 e6 3. Nc3 d5 4. Bg5 Nbd7 5. cxd5 exd5 6. Nxd5 Nxd5 7. Bxd8 Bb4+
8. Qd2 Bxd2+ 9. Kxd2 Kxd8 10. e4 N5b6 11. a4 a5 12. Nf3 Nf6 13. Ng5 Ke7 14. e5
Nfd5 15. Be2 h6 16. Ne4 Bd7 17. Nc5 Bc6 18. Rhc1 Rhd8 19. g3 Nb4 20. Ke3 N6d5+
21. Kd2 b6 22. Nd3 Nxd3 23. Bxd3 Nb4 24. Ke3 Rac8 25. h4 Nxd3 26. Kxd3 Bb7 27.
Ke3 Rd5 28. Rc4 Ba6 29. Rc3 c5 30. dxc5 Rxe5+ 31. Kd4 Rexc5 32. Re1+ Kd6 0-1

[Event "12. Sueder Sommerpokal"]
[Site "Recklinghausen"]
[Date "2001.08.09"]
[Round "6"]
[White "Jungbluth, Rolf"]
[Black "Lauche, Christoph"]
[Result "1-0"]
[WhiteElo "2156"]
[BlackElo "1785"]
[PlyCount "139"]
[EventDate "2001.??.??"]

1. c4 g5 2. Nc3 Bg7 3. g3 e5 4. Bg2 Ne7 5. e3 d6 6. Nge2 Ng6 7. d4 O-O 8. Qb3
c6 9. d5 f5 10. f3 c5 11. Bd2 Na6 12. Nb5 Nc7 13. Nxc7 Qxc7 14. a4 f4 15. e4
Bd7 16. gxf4 Nh4 17. Bf1 g4 18. f5 Nxf3+ 19. Kd1 Nxd2 20. Kxd2 Bh6+ 21. Kd1
Bxf5 22. exf5 Rxf5 23. Rg1 Raf8 24. Bg2 Rf2 25. Ra3 Qf7 26. Qg3 Qf5 27. Be4
Qxe4 28. Qxg4+ Qxg4 29. Rxg4+ Kh8 30. Rh3 Bf4 31. Rg6 Rxh2 32. Rxh2 Bxh2 33.
Rxd6 Kg7 34. Nc3 Rf4 35. Ke2 h5 36. Re6 Rf7 37. Ne4 Rf4 38. Nd2 Kf7 39. Rh6 Rg4
40. Rxh5 Rg2+ 41. Kd3 Bf4 42. Ne4 Rxb2 43. Nxc5 Kg6 44. Rh8 b6 45. Ne6 Rb3+ 46.
Kc2 Rf3 47. Rf8 Rf2+ 48. Kd3 Rd2+ 49. Kc3 Bh6 50. Rf1 Ra2 51. Kb4 Rb2+ 52. Kc3
Ra2 53. Nc7 e4 54. d6 Rd2 55. Nd5 e3 56. Rg1+ Kf7 57. d7 Rxd5 58. cxd5 Ke7 59.
Kd3 Kxd7 60. Rg6 Bf8 61. Kxe3 Be7 62. Kd4 Bc5+ 63. Kc4 Bd6 64. Kb5 Bc5 65. Rc6
Bd4 66. Rg6 a5 67. Rxb6 Bxb6 68. Kxb6 Kd6 69. Kxa5 Kxd5 70. Kb6 1-0

[Event "12. Sueder Sommerpokal"]
[Site "Recklinghausen"]
[Date "2001.08.09"]
[Round "6"]
[White "Rebber, Christian"]
[Black "Hebestreit, Andreas"]
[Result "1/2-1/2"]
[WhiteElo "2154"]
[BlackElo "1776"]
[PlyCount "84"]
[EventDate "2001.??.??"]

1. e4 Nf6 2. e5 Nd5 3. d4 d6 4. c4 Nb6 5. exd6 cxd6 6. Nf3 g6 7. Be2 Bg7 8. Nc3
O-O 9. O-O Nc6 10. h3 Nd7 11. Be3 a6 12. Qd2 e5 13. Rad1 Qa5 14. a3 Rb8 15. b4
Qd8 16. d5 Ne7 17. c5 Nf5 18. Ne4 Nxe3 19. Qxe3 dxc5 20. Nxc5 Re8 21. d6 Nxc5
22. bxc5 Bd7 23. Bc4 Be6 24. Bxe6 Rxe6 25. Ng5 Re8 26. Ne4 Qd7 27. Nc3 e4 28.
Nd5 Re5 29. Qb3 Qe6 30. Ne7+ Kf8 31. Qxe6 Rxe6 32. c6 bxc6 33. Nxc6 Ra8 34.
Rfe1 Bf6 35. f3 e3 36. Rd3 e2 37. Kf2 Rc8 38. Nb4 Rd8 39. Nxa6 Rexd6 40. Rxd6
Rxd6 41. Nb4 Bb2 42. Nc2 Ra6 1/2-1/2

[Event "12. Sueder Sommerpokal"]
[Site "Recklinghausen"]
[Date "2001.08.09"]
[Round "6"]
[White "Bergmann, Josef"]
[Black "Czarnik, Josef"]
[Result "0-1"]
[WhiteElo "1774"]
[BlackElo "2068"]
[PlyCount "36"]
[EventDate "2001.??.??"]

1. f4 d6 2. Nf3 Bg4 3. e4 c5 4. Bb5+ Nc6 5. b3 Nf6 6. Bxc6+ bxc6 7. d3 g6 8.
Bb2 Bg7 9. O-O O-O 10. Qe1 Qb6 11. c4 a5 12. Nc3 a4 13. Nxa4 Rxa4 14. Bxf6 Bxf6
15. bxa4 Bxa1 16. Qxa1 Rb8 17. Nd2 Qb2 18. Qb1 Qd4+ 0-1

[Event "12. Sueder Sommerpokal"]
[Site "Recklinghausen"]
[Date "2001.08.09"]
[Round "6"]
[White "Siepmann, Martin"]
[Black "Hellbing, Bernd"]
[Result "0-1"]
[WhiteElo "2048"]
[BlackElo "1756"]
[PlyCount "46"]
[EventDate "2001.??.??"]

1. Nf3 e6 2. c4 b6 3. Nc3 f5 4. g3 Bb7 5. Bg2 Nf6 6. O-O Bb4 7. d3 Bxc3 8. bxc3
O-O 9. Bg5 Qe8 10. a4 Nc6 11. Nd4 Nd8 12. Bxf6 Rxf6 13. Nb5 Bxg2 14. Kxg2 d6
15. e3 Qd7 16. Qf3 c6 17. Nd4 e5 18. Nb3 Ne6 19. h4 Raf8 20. e4 fxe4 21. Qxe4
Nf4+ 22. Kg1 Nh3+ 23. Kg2 Nxf2 0-1

[Event "12. Sueder Sommerpokal"]
[Site "Recklinghausen"]
[Date "2001.08.09"]
[Round "6"]
[White "Niebius, Norbert"]
[Black "Grofig, Patrick"]
[Result "1-0"]
[WhiteElo "2028"]
[BlackElo "1719"]
[PlyCount "73"]
[EventDate "2001.??.??"]

1. e4 c6 2. d4 d5 3. Nc3 dxe4 4. Nxe4 Bf5 5. Ng3 Bg6 6. Bc4 e6 7. Bf4 Nd7 8.
Nf3 Ngf6 9. Qe2 Nd5 10. Bg5 Qa5+ 11. Bd2 Qc7 12. Bb3 Be7 13. O-O O-O 14. Rad1
Rfd8 15. c4 N5b6 16. Ba5 c5 17. d5 Nf8 18. Ne5 exd5 19. cxd5 Bd6 20. Nc4 Re8
21. Qg4 Nfd7 22. Bc3 Nxc4 23. Bxc4 Ne5 24. Bxe5 Bxe5 25. f4 Bd4+ 26. Kh1 Bc2
27. Rd2 Ba4 28. Nh5 g6 29. f5 Bd7 30. Rxd4 cxd4 31. Nf6+ Kf8 32. Nxh7+ Kg7 33.
f6+ Kg8 34. Qh4 Qxc4 35. Rg1 Qxd5 36. Qh6 Qxg2+ 37. Kxg2 1-0

[Event "12. Sueder Sommerpokal"]
[Site "Recklinghausen"]
[Date "2001.08.09"]
[Round "6"]
[White "Fuhrmann, Marc Andre"]
[Black "van Winsen, Joost"]
[Result "1/2-1/2"]
[WhiteElo "1616"]
[BlackElo "1800"]
[PlyCount "81"]
[EventDate "2001.??.??"]

1. d4 c5 2. d5 Nf6 3. c4 a6 4. Nc3 b5 5. cxb5 axb5 6. Nxb5 Qa5+ 7. Nc3 Bb7 8.
Bd2 Qb6 9. e4 e6 10. Bc4 Nxe4 11. Nxe4 exd5 12. Bc3 dxe4 13. Qh5 Qg6 14. Qe5+
Be7 15. Ne2 Nc6 16. Qg3 Qxg3 17. Nxg3 Nb4 18. O-O O-O 19. Nf5 Bf6 20. Bxf6 gxf6
21. Rfd1 d5 22. Ne7+ Kg7 23. Nxd5 Bxd5 24. Bxd5 Nxd5 25. Rxd5 Rfd8 26. Rxc5
Rxa2 27. Rcc1 Rxb2 28. Ra4 f5 29. Ra5 Kg6 30. Ra3 h5 31. g3 Rbd2 32. Kg2 R2d3
33. Rxd3 Rxd3 34. Rc6+ Kg7 35. h4 Rd2 36. Rc3 Kf6 37. Ra3 Ke5 38. Ra5+ Kf6 39.
Ra3 Ke5 40. Ra5+ Rd5 41. Ra7 1/2-1/2

[Event "12. Sueder Sommerpokal"]
[Site "Recklinghausen"]
[Date "2001.08.09"]
[Round "6"]
[White "Lautenschuetz, Ludger"]
[Black "Heckoetter, Christian"]
[Result "0-1"]
[WhiteElo "1582"]
[BlackElo "1967"]
[PlyCount "122"]
[EventDate "2001.??.??"]

1. d4 e6 2. e4 d5 3. exd5 exd5 4. Bd3 Nc6 5. c3 Bd6 6. Ne2 Qh4 7. g3 Qh5 8. Nf4
Qxd1+ 9. Kxd1 Nge7 10. Kc2 Nd8 11. Re1 O-O 12. Nd2 Bxf4 13. Rxe7 Bd6 14. Re1
Ne6 15. Nb3 Bd7 16. Be3 b6 17. Rac1 g6 18. Kb1 Ng7 19. f3 Bf5 20. Bxf5 Nxf5 21.
Nd2 Nxe3 22. Rxe3 Rfe8 23. Rce1 Kf8 24. f4 Rxe3 25. Rxe3 Re8 26. Nf1 h5 27. Kc2
Rxe3 28. Nxe3 c6 29. c4 dxc4 30. Nxc4 Ke7 31. Ne5 Bxe5 32. dxe5 Ke6 33. Kd3 Kf5
34. b4 g5 35. Ke3 gxf4+ 36. gxf4 c5 37. bxc5 bxc5 38. a4 c4 39. Kd4 Kxf4 40.
Kxc4 Kxe5 41. Kd3 Kf4 42. a5 f5 43. Ke2 a6 44. Kf2 Ke4 45. Ke2 f4 46. Kf2 f3
47. Kf1 Ke3 48. Ke1 Ke4 49. Kf2 Kf4 50. Kf1 Ke3 51. Ke1 Kd4 52. Kf2 Kc5 53.
Kxf3 Kb5 54. Kf4 Kxa5 55. Kg5 Kb5 56. Kxh5 a5 57. Kg6 a4 58. h4 a3 59. h5 a2
60. h6 a1=Q 61. h7 Qh8 0-1

[Event "12. Sueder Sommerpokal"]
[Site "Recklinghausen"]
[Date "2001.08.09"]
[Round "6"]
[White "Lietz, Werner"]
[Black "Lueder, Thomas"]
[Result "1/2-1/2"]
[WhiteElo "1587"]
[BlackElo "1836"]
[PlyCount "155"]
[EventDate "2001.??.??"]

1. e4 c5 2. Nf3 Nc6 3. d4 cxd4 4. Nxd4 Nf6 5. Nxc6 bxc6 6. e5 Qa5+ 7. Nc3 Qxe5+
8. Be2 g6 9. O-O Bg7 10. Be3 O-O 11. Re1 Qc7 12. Qd2 d5 13. Bh6 e6 14. Bxg7
Kxg7 15. Bf3 Rb8 16. b3 Re8 17. g4 h6 18. h4 Nd7 19. Rad1 Bb7 20. Qd4+ e5 21.
Qd2 Rbd8 22. g5 Rh8 23. Bg4 hxg5 24. hxg5 Rh4 25. Bf3 Ba6 26. Ne2 e4 27. Qd4+
Qe5 28. Ng3 Qxd4 29. Rxd4 Bb7 30. b4 Rhh8 31. Bg2 Nb6 32. Red1 Rde8 33. a4 Re5
34. b5 c5 35. R4d2 Rxg5 36. Ra1 f5 37. a5 Nc4 38. Rdd1 Kf6 39. a6 Ba8 40. Bf1
Nb6 41. Bg2 Ke5 42. Re1 f4 43. Kf1 fxg3 44. f3 Rf5 45. Kg1 Rh4 46. Ra3 Nc4 47.
Rb3 Kf6 48. fxe4 dxe4 49. Rxg3 Bd5 50. Rd1 g5 51. Bf1 Rxf1+ 52. Rxf1+ Rf4 53.
Rd1 Rf5 54. Rc3 Ke5 55. b6 axb6 56. a7 Rf8 57. Rg3 Kf4 58. Rf1+ Kxg3 59. Rxf8
e3 60. a8=Q Bxa8 61. Rxa8 e2 62. Re8 Kf3 63. Rf8+ Ke3 64. Re8+ Kd2 65. Kf2 Kxc2
66. Kxe2 Kc3 67. Rg8 b5 68. Rxg5 Kb4 69. Rg4 Ka5 70. Rg5 Kb6 71. Rg6+ Kc7 72.
Rg5 Kc6 73. Kd3 Nd6 74. Rg6 b4 75. Rg4 Kb5 76. Rg5 b3 77. Rxc5+ Kxc5 78. Kc3
1/2-1/2

[Event "12. Sueder Sommerpokal"]
[Site "Recklinghausen"]
[Date "2001.08.09"]
[Round "6"]
[White "Steinhagen, Dietrich"]
[Black "Arfert, Peter"]
[Result "1/2-1/2"]
[WhiteElo "1819"]
[BlackElo "1469"]
[PlyCount "61"]
[EventDate "2001.??.??"]

1. d4 c5 2. e3 cxd4 3. exd4 g6 4. c3 Bg7 5. Nf3 e6 6. Bd3 Ne7 7. O-O O-O 8. Bf4
d6 9. Nbd2 d5 10. Re1 b6 11. Qe2 a5 12. Ng5 Ba6 13. Bxa6 Nxa6 14. Be5 Bxe5 15.
Qxe5 Nf5 16. Ngf3 Qc7 17. Qe2 Nb8 18. Nf1 Nd7 19. N1d2 Rfc8 20. g3 Qb7 21. a4
Nd6 22. Rec1 Nc4 23. b3 Nxd2 24. Nxd2 Rc7 25. c4 Rac8 26. Rd1 Qa6 27. Qe3 Nf6
28. Qe5 Nd7 29. Qe3 Nf6 30. Qe5 Nd7 31. Qe3 1/2-1/2

[Event "12. Sueder Sommerpokal"]
[Site "Recklinghausen"]
[Date "2001.08.09"]
[Round "6"]
[White "Herud, Martin"]
[Black "Zhang, Fan"]
[Result "1-0"]
[WhiteElo "1800"]
[BlackElo "1567"]
[PlyCount "93"]
[EventDate "2001.??.??"]

1. e4 e6 2. Nf3 d5 3. Nc3 Nf6 4. e5 Nfd7 5. d4 c5 6. dxc5 Bxc5 7. Bf4 Qb6 8.
Qd2 Bxf2+ 9. Qxf2 Qxb2 10. Kd2 Qxa1 11. Nb5 Kd8 12. Ng5 Rf8 13. Nxe6+ fxe6 14.
Qh4+ Nf6 15. exf6 Rxf6 16. Bg5 h6 17. Be2 Qe5 18. Bxf6+ Qxf6 19. Qb4 Nd7 20.
Rf1 Qg5+ 21. Kd1 Qe7 22. Nd6 Nf6 23. Rf3 b6 24. Bb5 Bd7 25. Bd3 Rb8 26. Bg6 Bc6
27. Nf7+ Ke8 28. Ne5+ Kf8 29. Qxe7+ Kxe7 30. Nxc6+ Kd7 31. Nxb8+ Kc7 32. Na6+
Kb7 33. Nb4 a5 34. Nd3 Kc7 35. Ne5 Kd6 36. Nf7+ Ke7 37. Rb3 Nd7 38. h4 e5 39.
h5 e4 40. Rb5 d4 41. Ne5 Nc5 42. Rxb6 e3 43. Bd3 Ne6 44. Ng6+ Kf6 45. g4 Kg5
46. Be2 a4 47. Rb5+ {Rest unleserlich} 1-0

[Event "12. Sueder Sommerpokal"]
[Site "Recklinghausen"]
[Date "2001.08.09"]
[Round "6"]
[White "Beyer, Thomas"]
[Black "Hoffmann, Mathias"]
[Result "1-0"]
[WhiteElo "1682"]
[BlackElo "1306"]
[PlyCount "45"]
[EventDate "2001.??.??"]

1. f4 Nf6 2. g3 e6 3. Bg2 d5 4. Nf3 Be7 5. O-O O-O 6. Qe1 b6 7. h3 Bb7 8. d3 c5
9. Nbd2 Nc6 10. c3 Qc7 11. e4 dxe4 12. dxe4 Rfd8 13. e5 Nh5 14. Nh2 g6 15. g4
Ng7 16. Qg3 Rd7 17. Ne4 Kh8 18. Nf6 Ba6 19. Rf2 Rd3 20. Qh4 Bxf6 21. exf6 Ne8
22. Be4 Rd1+ 23. Kg2 1-0

[Event "12. Sueder Sommerpokal"]
[Site "Recklinghausen"]
[Date "2001.08.09"]
[Round "6"]
[White "Guennewig, Hans-Norbert"]
[Black "Stein, Daniel"]
[Result "1-0"]
[WhiteElo "2037"]
[BlackElo "1601"]
[PlyCount "45"]
[EventDate "2001.??.??"]

1. e4 e6 2. d3 d5 3. Nd2 c5 4. Ngf3 Nc6 5. g3 b6 6. Bg2 Bb7 7. O-O Nf6 8. e5
Nd7 9. Re1 Qc7 10. Nf1 Ndxe5 11. Nxe5 Nxe5 12. Bf4 Bd6 13. c4 O-O 14. cxd5 Bxd5
15. Bxd5 exd5 16. Ne3 d4 17. Nf5 f6 18. Bxe5 Bxe5 19. f4 Bd6 20. Qb3+ Kh8 21.
Re6 Rad8 22. Rae1 Qd7 23. Nxd6 1-0

[Event "12. Sueder Sommerpokal"]
[Site "Recklinghausen"]
[Date "2001.08.09"]
[Round "6"]
[White "Bembennek, Ralf"]
[Black "Leveikina, Jevgenija"]
[Result "0-1"]
[WhiteElo "1590"]
[BlackElo "2021"]
[PlyCount "50"]
[EventDate "2001.??.??"]

1. e4 e5 2. Nf3 Nc6 3. Bb5 a6 4. Ba4 Nf6 5. O-O Be7 6. Re1 b5 7. Bb3 O-O 8. c3
d5 9. exd5 Nxd5 10. Nxe5 Nxe5 11. Rxe5 c6 12. Bxd5 cxd5 13. Qf3 Bd6 14. Re1 Qh4
15. g3 Qh3 16. Qg2 Qh5 17. d4 Bh3 18. Qh1 Rae8 19. Be3 Re6 20. Nd2 Rfe8 21. Qf3
Bg4 22. Qg2 Kh8 23. Qf1 f5 24. a4 f4 25. gxf4 Bh3 0-1

[Event "12. Sueder Sommerpokal"]
[Site "Recklinghausen"]
[Date "2001.08.09"]
[Round "6"]
[White "Sprewitz, Ingo"]
[Black "Biendara, Michael"]
[Result "0-1"]
[WhiteElo "1562"]
[BlackElo "1912"]
[PlyCount "76"]
[EventDate "2001.??.??"]

1. e4 e6 2. d4 d5 3. Nc3 Nf6 4. e5 Ng8 5. Qg4 a6 6. Nf3 Ne7 7. Bd3 Ng6 8. h4 c5
9. h5 Ne7 10. dxc5 Nd7 11. h6 g6 12. b4 Nc6 13. Qf4 Be7 14. Ne2 Ncxe5 15. Rb1
Nxf3+ 16. Qxf3 a5 17. a3 O-O 18. Bb2 axb4 19. axb4 Ra2 20. c4 Bf6 21. Bxf6 Nxf6
22. Nf4 Ne4 23. O-O Nd2 24. Qe2 Qf6 25. Nh3 e5 26. Ra1 Rxa1 27. Rxa1 e4 28. Rd1
exd3 29. Qxd2 dxc4 30. Qe3 Bxh3 31. gxh3 Rd8 32. Rd2 Qd4 33. Qe7 c3 34. Rd1 d2
35. Qxb7 c2 36. Rxd2 c1=Q+ 37. Kg2 Qcxd2 38. c6 Q4xb4 0-1

[Event "12. Sueder Sommerpokal"]
[Site "Recklinghausen"]
[Date "2001.08.09"]
[Round "6"]
[White "Hoecker, Horst"]
[Black "Deinert, Wolfgang"]
[Result "1-0"]
[WhiteElo "1506"]
[BlackElo "1771"]
[PlyCount "45"]
[EventDate "2001.??.??"]

1. c4 e5 2. Nc3 Nf6 3. g3 Nc6 4. Bg2 Bb4 5. e4 O-O 6. Nge2 Re8 7. O-O Nd4 8. a3
Bxc3 9. bxc3 Nxe2+ 10. Qxe2 d6 11. d4 exd4 12. cxd4 d5 13. e5 dxc4 14. Qxc4 Be6
15. Qd3 Nd5 16. Be3 c6 17. Rac1 f6 18. Be4 g6 19. Bxg6 hxg6 20. Qxg6+ Kf8 21.
Bh6+ Ke7 22. Qg7+ Bf7 23. exf6+ 1-0